Vol. 40, № 14; Analytical Chemistry

Détails bibliographiques
Parent link:Analytical Chemistry/ American Chemical Society. Vol. 40, № 14.— , 1947-1973, 1976-1990, 1993-2002
Résumé:В журнале не печатается ряд страниц
Langue:anglais
Publié: 1968
Format: Livre
KOHA link:https://koha.lib.tpu.ru/cgi-bin/koha/opac-detail.pl?biblionumber=560079

MARC

LEADER 00000nam2a2200000 4500
001 560079
005 20251110141342.0
035 |a (RuTPU)RU\TPU\prd\255065 
035 |a RU\TPU\prd\255062 
090 |a 560079 
100 |a 20160407d1968 k||y0rusy50 ba 
101 0 |a eng 
102 |a US 
105 |a a z 000yy 
200 0 |a Vol. 40, № 14 
210 |d 1968 
215 |a p. 1A-120A, p. 2081-2268) 
300 |a В журнале не печатается ряд страниц 
320 |a Author Index: p. 6А-56А 
320 |a Author Index: p. 2237-2246 
320 |a Subject Index: p. 2247-2268 
461 1 |0 379637  |t Analytical Chemistry  |f American Chemical Society  |v Vol. 40, № 14  |d 1947-1973, 1976-1990, 1993-2002  |9 379637 
517 1 |a Аналитическая химия (аналитикл кемистри) № Т-12 
801 0 |a RU  |b 63413507  |c 20010227  |g PSBO 
801 1 |a RU  |b 63413507  |c 20020228  |g PSBO 
801 2 |a RU  |b 63413507  |c 20190725  |g PSBO 
942 |c CR